| 000 | 00404nam a22001217a 4500 | ||
|---|---|---|---|
| 082 | _a220 PRO | ||
| 100 |
_aJALAL, RAHEELA, , ZEESHAN _972032 |
||
| 245 | _aPR-SOF-1268-DESIGN, ANALYSIS AND FABRICATION OF FIXED-PITCH DARRIEUS-TYPE VERTICAL AXIS WIND TURBINE | ||
| 260 |
_aISLAMABAD _bNUST COLLEGE OF EME _c2013 |
||
| 650 |
_aDE-MECH-31 _972033 |
||
| 700 |
_aSUPERVISOR RAJA AMER AZIM, _972034 |
||
| 942 | _cCR | ||
| 999 |
_c578246 _d578246 |
||